| 000 | 00346nam a2200145Ia 4500 | ||
|---|---|---|---|
| 008 | 230312s9999||||xx |||||||||||||| ||und|| | ||
| 020 | _a0-4950-0696-3 | ||
| 082 |
_a720.19 _bHUR-C |
||
| 100 | _aHurwitz al | ||
| 245 | 0 | _aChildern and their art | |
| 260 |
_bClark baxter _aAmerica _c2007 |
||
| 300 | _a438 | ||
| 650 | _aArchitecture | ||
| 942 | _cBK | ||
| 999 |
_c11646 _d11646 |
||